00484 2200193 4500001002100000005001500021035002000036245005800056100001700114300002800131260003900159082000800198084001400206020002200220990001200242990001200254990001200266990001200278INLIS00000000000308820250930100308 a0010-09250004351 aMengawal Demokrasi Di Kabupaten Tegal /cIkbal Faizal0 aIkbal Faizal a184 hlm ;c14,5 x 21 cm aTegal :bBawaslu Kab. Tegal,c2019 a320 a320 IKB m a978-623-92060-0-0 a0755541 a0755542 a0755543 a0755544